[Event "XXVI Ogolnopolska Olimpiada Mlodziezy"]
[Site "Pulawy"]
[Date "2020.10.09"]
[Round "7.13"]
[White "Oleksiuk, Anna"]
[Black "Popczynska, Maja"]
[Result "1/2-1/2"]
[WhiteElo "1167"]
[BlackElo "1339"]
[PlyCount "79"]
[EventDate "2020.10.04"]
[EventType "swiss"]
[Tiebreak "Sum of Buchholz+Median1 Buchholz+Sonneborn-Berger (Swiss)"]

1. e4 c5 2. Nf3 e6 3. d4 cxd4 4. c3 d5 5. exd5 Qxd5 6. cxd4 Nc6 7. Nc3 Bb4 8.
a3 Bxc3+ 9. bxc3 e5 10. Bb2 Bg4 11. Be2 Nf6 12. O-O O-O 13. Re1 exd4 14. Nxd4
Bxe2 15. Nxe2 Qxd1 16. Raxd1 Rad8 17. c4 Ng4 18. Ng3 Rxd1 19. Rxd1 Nge5 20. Nf5
f6 21. Ne3 Rd8 22. Bxe5 Rxd1+ 23. Nxd1 Nxe5 24. Ne3 Kf7 25. f4 Nc6 26. Kf2 Ke6
27. Ke2 f5 28. Kd3 g6 29. Nc2 Kd6 30. Nd4 Nxd4 31. Kxd4 b6 32. g3 h6 33. a4 a6
34. h3 h5 35. Kd3 Kc6 36. Kd4 Kd6 37. Kd3 Kc7 38. Kd4 Kc6 39. Kd3 Kc5 40. Kc3 {
Kd5 Kd4+} 1/2-1/2

[Event "XXVI Ogolnopolska Olimpiada Mlodziezy"]
[Site "Pulawy"]
[Date "2020.10.09"]
[Round "7.13"]
[White "Stanik, Szymon"]
[Black "Ptaszynski, Szymon"]
[Result "1/2-1/2"]
[WhiteElo "1201"]
[BlackElo "1518"]
[PlyCount "107"]
[EventDate "2020.10.04"]
[EventType "swiss"]
[Tiebreak "Sum of Buchholz+Median1 Buchholz+Sonneborn-Berger (Swiss)"]

1. e4 c5 2. Nf3 e6 3. d4 cxd4 4. Nxd4 a6 5. Bd3 Nf6 6. O-O d6 7. c4 Nc6 8. Nxc6
bxc6 9. Nc3 Qc7 10. b3 g6 11. Bb2 Bg7 12. Qc2 O-O 13. h3 Bb7 14. f4 Rac8 15.
Kh1 Rfe8 16. Rae1 c5 17. Qf2 Rcd8 18. Bb1 Nd7 19. Qg3 Nf6 20. Qf2 Nd7 21. Kh2
e5 22. f5 g5 23. Qg3 f6 24. h4 h6 25. Rh1 Nf8 26. Qh3 Qf7 27. g4 Nd7 28. Kg3
Kf8 29. h5 Kg8 30. Rd1 Bf8 31. Rhe1 Nb8 32. Nd5 Nc6 33. Kf2 Nd4 34. Bxd4 exd4
35. Qd3 Rb8 36. Rd2 Bc6 37. Rb2 Rb7 38. Kf1 Kg7 39. Kf2 Rc8 40. Rc1 Rcb8 41.
Rcc2 Qe8 42. Re2 Be7 43. a3 Bd8 44. Bc2 Kf7 45. Rb1 Qe5 46. Kf1 a5 47. Kg2 Qe8
48. Kh3 Qd7 49. Kg2 a4 50. bxa4 Rxb1 51. Bxb1 Bxa4 52. Bc2 Rb2 53. Bxa4 Rxe2+
54. Qxe2 1/2-1/2

[Event "XXVI Ogolnopolska Olimpiada Mlodziezy"]
[Site "Pulawy"]
[Date "2020.10.09"]
[Round "7.13"]
[White "Wojdak, Jan"]
[Black "Rzenca, Jerzy"]
[Result "1-0"]
[WhiteElo "1910"]
[BlackElo "1584"]
[PlyCount "117"]
[EventDate "2020.10.04"]
[EventType "swiss"]
[Tiebreak "Sum of Buchholz+Median1 Buchholz+Sonneborn-Berger (Swiss)"]

1. e4 c6 2. d4 d5 3. exd5 cxd5 4. c4 Nf6 5. Nc3 e6 6. Nf3 Be7 7. cxd5 Nxd5 8.
Bd3 Nc6 9. O-O Nf6 10. Re1 O-O 11. a3 a5 12. Bc2 b6 13. Bf4 Ba6 14. Qd2 b5 15.
Ne4 b4 16. Nxf6+ Bxf6 17. Bxh7+ Kxh7 18. Qc2+ Kg8 19. Qxc6 Bd3 20. axb4 Rc8 21.
Qd6 Qxd6 22. Bxd6 Rfd8 23. Bc5 axb4 24. Bxb4 Bxd4 25. Nxd4 Rxd4 26. Bc3 Rd5 27.
f3 Rcd8 28. Kf2 Bc2 29. g4 Rd3 30. h4 Bd1 31. Re3 Rxe3 32. Kxe3 Bc2 33. Bd4 Rb8
34. Rc1 Bb3 35. Rc7 Bd5 36. h5 f6 37. f4 Rb3+ 38. Bc3 Rb7 39. Rc8+ Kh7 40. g5
fxg5 41. fxg5 Re7 42. Be5 Rb7 43. g6+ Kh6 44. Rh8+ Kg5 45. h6 Kxg6 46. hxg7
Rxg7 47. Bxg7 Kxg7 48. Rc8 Kf7 49. Kd4 Ke7 50. b4 Kd7 51. Rc1 Kd6 52. b5 Bb7
53. Kc4 Kc7 54. Kc5 Be4 55. Rg1 Kb7 56. Rg7+ Kc8 57. Kb6 Bf3 58. Ka7 Bd5 59. b6
1-0

[Event "XXVI Ogolnopolska Olimpiada Mlodziezy"]
[Site "Pulawy"]
[Date "2020.10.09"]
[Round "7.14"]
[White "Duda, Aleksandra"]
[Black "Marczyk, Kinga"]
[Result "1-0"]
[WhiteElo "1046"]
[BlackElo "1306"]
[PlyCount "43"]
[EventDate "2020.10.04"]
[EventType "swiss"]
[Tiebreak "Sum of Buchholz+Median1 Buchholz+Sonneborn-Berger (Swiss)"]

1. d4 Nf6 2. Bf4 g6 3. Nc3 d5 4. Qd2 c6 5. Nf3 Bg7 6. Bh6 O-O 7. h4 Nbd7 8. h5
Ng4 9. Bxg7 Kxg7 10. hxg6 fxg6 11. Ng5 Ndf6 12. f3 Nh6 13. Rxh6 Qc7 14. O-O-O
b5 15. e4 a5 16. e5 Nh5 17. Rxh7+ Kg8 18. e6 Nf4 19. g3 Nxe6 20. Nxe6 Bxe6 21.
Qh6 Rf7 22. Rh8# 1-0

[Event "XXVI Ogolnopolska Olimpiada Mlodziezy"]
[Site "Pulawy"]
[Date "2020.10.09"]
[Round "7.14"]
[White "Krupinski, Mikolaj"]
[Black "Jaskulski, Jan"]
[Result "1-0"]
[WhiteElo "1776"]
[BlackElo "1619"]
[PlyCount "35"]
[EventDate "2020.10.04"]
[EventType "swiss"]
[Tiebreak "Sum of Buchholz+Median1 Buchholz+Sonneborn-Berger (Swiss)"]

1. e4 c5 2. Nf3 d6 3. d4 cxd4 4. Nxd4 Nf6 5. Nc3 Nc6 6. Bc4 e6 7. Be3 Be7 8.
Qe2 a6 9. O-O-O Qc7 10. Nxc6 bxc6 11. g4 d5 12. g5 Nd7 13. exd5 cxd5 14. Bxd5
exd5 15. Nxd5 Qd8 16. Bf4 Kf8 17. Nxe7 Qa5 18. Nc6 1-0

[Event "XXVI Ogolnopolska Olimpiada Mlodziezy"]
[Site "Pulawy"]
[Date "2020.10.09"]
[Round "7.14"]
[White "Olszewski, Antoni"]
[Black "Jozwik, Michal"]
[Result "0-1"]
[WhiteElo "1412"]
[BlackElo "1466"]
[PlyCount "112"]
[EventDate "2020.10.04"]
[EventType "swiss"]
[Tiebreak "Sum of Buchholz+Median1 Buchholz+Sonneborn-Berger (Swiss)"]

1. e4 d5 2. exd5 Nf6 3. d4 Nxd5 4. c4 Nb6 5. h3 e5 6. dxe5 Qxd1+ 7. Kxd1 Nc6 8.
Nf3 Bf5 9. a3 O-O-O+ 10. Ke1 Bc5 11. Be3 Bxe3 12. fxe3 Rhe8 13. Nc3 Nxe5 14.
Nxe5 Rxe5 15. Kf2 Rd2+ 16. Be2 Nxc4 17. Ke1 Rxe3 18. b3 Rxc3 19. Bxc4 Rcc2 20.
g4 Be4 21. Rf1 f6 22. Rd1 Rxd1+ 23. Kxd1 Kd7 24. Rf4 Bg6 25. Rd4+ Ke7 26. h4
Rb2 27. h5 Be8 28. Re4+ Kf8 29. Rd4 Ke7 30. Re4+ Kd7 31. Be6+ Kd6 32. Bc4 Bc6
33. Rd4+ Ke5 34. Rd3 Rg2 35. Re3+ Kf4 36. Re7 Rxg4 37. Rxc7 f5 38. h6 gxh6 39.
Rxh7 Rh4 40. Bf7 Kf3 41. Bg6 f4 42. Rf7 Kg3 43. Bd3 f3 44. Rg7+ Kf2 45. Kd2 Rh2
46. Rg6 h5 47. b4 a6 48. b5 axb5 49. Rg5 h4 50. Rh5 h3 51. Bf5 Kg1+ 52. Kd1 f2
53. Rg5+ Rg2 54. Rxg2+ hxg2 55. Bd3 f1=Q+ 56. Bxf1 gxf1=Q+ 0-1

[Event "XXVI Ogolnopolska Olimpiada Mlodziezy"]
[Site "Pulawy"]
[Date "2020.10.09"]
[Round "7.14"]
[White "Wiecek, Karolina"]
[Black "Staniewicz, Adrianna"]
[Result "0-1"]
[WhiteElo "1438"]
[BlackElo "1382"]
[PlyCount "118"]
[EventDate "2020.10.04"]
[EventType "swiss"]
[Tiebreak "Sum of Buchholz+Median1 Buchholz+Sonneborn-Berger (Swiss)"]

1. d4 Nf6 2. g3 e6 3. Bg2 d5 4. Nf3 b6 5. O-O Bb7 6. Nbd2 Nbd7 7. c4 Bb4 8. Qc2
Bxd2 9. Bxd2 O-O 10. Rac1 Rc8 11. e3 Ne4 12. Rfd1 f5 13. b3 Qe8 14. Be1 Rf6 15.
Nd2 Rh6 16. Nxe4 dxe4 17. Qe2 Nf6 18. c5 g5 19. b4 Bc6 20. Bf1 g4 21. h4 gxh3
22. Kh2 Ng4+ 23. Kh1 Qh5 24. Rd2 b5 25. a4 a6 26. a5 Bd5 27. Qd1 Qg5 28. Be2
Nf6 29. Kh2 Kf7 30. Rb2 Ke7 31. Bd2 Ng4+ 32. Bxg4 fxg4 33. Be1 c6 34. Bc3 Rf6
35. Rcc2 Rcf8 36. Be1 Rf3 37. Qd2 Kd7 38. Qd1 Kc7 39. Qd2 Kb7 40. Qd1 Bc4 41.
Rd2 Qd5 42. Qc1 h5 43. Qc3 Qd8 44. Qc1 Qc7 45. Qc2 Bd5 46. Qc1 h4 47. Qc3 Kc8
48. Re2 Kd8 49. Red2 Ke7 50. Re2 R8f5 51. Red2 Kf6 52. Re2 Kg5 53. Red2 Bc4 54.
Rbc2 Bf1 55. Rb2 Bg2 56. Ra2 hxg3+ 57. fxg3 Rf1 58. Rxg2 hxg2 59. Kxg2 Qh7 0-1

[Event "XXVI Ogolnopolska Olimpiada Mlodziezy"]
[Site "Pulawy"]
[Date "2020.10.09"]
[Round "7.15"]
[White "Karwot, Marek"]
[Black "Sniadecki, Oskar"]
[Result "1-0"]
[WhiteElo "1362"]
[BlackElo "1577"]
[PlyCount "65"]
[EventDate "2020.10.04"]
[EventType "swiss"]
[Tiebreak "Sum of Buchholz+Median1 Buchholz+Sonneborn-Berger (Swiss)"]

1. e4 e6 2. d4 b6 3. Bd3 Bb7 4. Qe2 Be7 5. c4 Nf6 6. Nf3 O-O 7. e5 Ne8 8. h4 f5
9. Nc3 Bxf3 10. Qxf3 Nc6 11. Qe3 Bb4 12. a3 Bxc3+ 13. bxc3 Kh8 14. a4 d6 15.
Ba3 Rf7 16. f4 dxe5 17. fxe5 Qd7 18. O-O-O Na5 19. g4 Qxa4 20. Bb2 Nxc4 21. Qf3
Rd8 22. gxf5 Nxb2 23. Kxb2 exf5 24. e6 Re7 25. Ra1 Rxd4 26. Rxa4 Rxa4 27. Qxf5
Nf6 28. h5 Ra5 29. Qf3 h6 30. Rf1 Rxe6 31. Qa8+ Re8 32. Qxe8+ Nxe8 33. Rf8# 1-0

[Event "XXVI Ogolnopolska Olimpiada Mlodziezy"]
[Site "Pulawy"]
[Date "2020.10.09"]
[Round "7.15"]
[White "Niedorys, Karolina"]
[Black "Zalewska, Malgorzata"]
[Result "1-0"]
[WhiteElo "1364"]
[BlackElo "1201"]
[PlyCount "63"]
[EventDate "2020.10.04"]
[EventType "swiss"]
[Tiebreak "Sum of Buchholz+Median1 Buchholz+Sonneborn-Berger (Swiss)"]

1. e4 e6 2. d4 d5 3. exd5 exd5 4. Nf3 Bd6 5. Qe2+ Ne7 6. Nc3 c6 7. Be3 Bg4 8.
h3 Bh5 9. g4 Bg6 10. Bg2 Qc7 11. O-O-O Nd7 12. Rde1 O-O-O 13. Qd2 Rde8 14. Nh4
f5 15. Bg5 h6 16. Bxe7 Bf4 17. Re3 Bh7 18. Ba3 Nb6 19. b3 Qd8 20. Nf3 Bxe3 21.
fxe3 Qf6 22. Rf1 fxg4 23. Ne5 Qe6 24. Nf7 gxh3 25. Bh1 Rhf8 26. Bxf8 Rxf8 27.
Qf2 Kb8 28. Qg3+ Ka8 29. Qxg7 Qxe3+ 30. Kb2 Re8 31. Nd6 Rb8 32. Rf8 1-0

[Event "XXVI Ogolnopolska Olimpiada Mlodziezy"]
[Site "Pulawy"]
[Date "2020.10.09"]
[Round "7.15"]
[White "Zeissel, Andrzej"]
[Black "Malinowski, Szymon"]
[Result "1-0"]
[WhiteElo "1437"]
[BlackElo "1740"]
[PlyCount "33"]
[EventDate "2020.10.04"]
[EventType "swiss"]
[Tiebreak "Sum of Buchholz+Median1 Buchholz+Sonneborn-Berger (Swiss)"]

1. e4 c6 2. d4 d5 3. exd5 cxd5 4. Bd3 Nc6 5. c3 Qc7 6. Ne2 Nf6 7. Bf4 e5 8.
dxe5 Nxe5 9. Bb5+ Bd7 10. Bxd7+ Kxd7 11. O-O Bd6 12. Bxe5 Bxe5 13. f4 Bd6 14.
Nd2 Rae8 15. Ng3 Bxf4 16. Qa4+ b5 17. Qxf4 1-0

[Event "XXVI Ogolnopolska Olimpiada Mlodziezy"]
[Site "Pulawy"]
[Date "2020.10.09"]
[Round "7.16"]
[White "Duda, Szymon"]
[Black "Zmuda, Tomasz"]
[Result "1/2-1/2"]
[WhiteElo "1529"]
[BlackElo "1309"]
[PlyCount "120"]
[EventDate "2020.10.04"]
[EventType "swiss"]
[Tiebreak "Sum of Buchholz+Median1 Buchholz+Sonneborn-Berger (Swiss)"]

1. d4 f5 2. c4 Nf6 3. Nc3 g6 4. g3 Bg7 5. Bg2 O-O 6. Nf3 d6 7. O-O e6 8. b3
Nbd7 9. Bb2 e5 10. dxe5 dxe5 11. Nd5 e4 12. Ng5 Re8 13. Nf4 Nf8 14. Qd4 h6 15.
Ngh3 Qxd4 16. Bxd4 g5 17. Nd5 Nxd5 18. Bxg7 Kxg7 19. cxd5 f4 20. Rfc1 Re7 21.
f3 exf3 22. exf3 fxg3 23. hxg3 Nh7 24. f4 Bxh3 25. Bxh3 Nf6 26. fxg5 hxg5 27.
Bg2 Rd8 28. Rd1 Red7 29. Rac1 c6 30. Rc4 Nxd5 31. Rcd4 Nf6 32. Rxd7+ Rxd7 33.
Rxd7+ Nxd7 34. Kf2 Kf6 35. Ke3 Ke5 36. Bh3 Nf6 37. Bc8 b6 38. Bb7 c5 39. Bf3
Ne8 40. Bc6 Nd6 41. Kf3 Kf6 42. a4 Nf5 43. Bd5 Ke5 44. Bc4 Nh6 45. Ke3 Nf5+ 46.
Kf3 Nd6 47. Be2 Kd4 48. Kg4 Ne4 49. Bf3 Nd2 50. Bd1 Kc3 51. Kxg5 Ne4+ 52. Kf4
Nf2 53. g4 Nxd1 54. g5 Kd4 55. g6 Ne3 56. g7 Nd5+ 57. Kg5 Ne7 58. Kf6 Ng8+ 59.
Kf7 Nh6+ 60. Kg6 Ng8 1/2-1/2

[Event "XXVI Ogolnopolska Olimpiada Mlodziezy"]
[Site "Pulawy"]
[Date "2020.10.09"]
[Round "7.16"]
[White "Grzadka, Artur"]
[Black "Zdybel, Przemyslaw"]
[Result "0-1"]
[WhiteElo "1723"]
[BlackElo "1938"]
[PlyCount "54"]
[EventDate "2020.10.04"]
[EventType "swiss"]
[Tiebreak "Sum of Buchholz+Median1 Buchholz+Sonneborn-Berger (Swiss)"]

1. d4 Nf6 2. c4 g6 3. Nf3 Bg7 4. g3 d5 5. cxd5 Nxd5 6. Bg2 c5 7. O-O O-O 8.
dxc5 Na6 9. c6 bxc6 10. a3 Nc5 11. Qc2 Qb6 12. Nbd2 Ba6 13. Re1 Rab8 14. Nc4
Qb3 15. Ne3 Qxc2 16. Nxc2 Nb3 17. Rb1 Nxc1 18. Rexc1 Bxb2 19. Rxb2 Rxb2 20.
Ncd4 Rfb8 21. Rxc6 Rb1+ 22. Bf1 Bb7 23. Rc5 Rc8 24. Ra5 a6 25. Nd2 Rd1 26. N4f3
Nc3 27. Kg2 Rxd2 0-1

[Event "XXVI Ogolnopolska Olimpiada Mlodziezy"]
[Site "Pulawy"]
[Date "2020.10.09"]
[Round "7.16"]
[White "Mitrega, Wiktoria"]
[Black "Arabas, Hanna"]
[Result "1-0"]
[WhiteElo "1064"]
[BlackElo "1110"]
[PlyCount "73"]
[EventDate "2020.10.04"]
[EventType "swiss"]
[Tiebreak "Sum of Buchholz+Median1 Buchholz+Sonneborn-Berger (Swiss)"]

1. c4 c6 2. Nc3 Nf6 3. Nf3 d5 4. cxd5 cxd5 5. d4 Nc6 6. h3 Bf5 7. a3 a5 8. Bf4
e6 9. e3 Bd6 10. Bxd6 Qxd6 11. Bd3 Bxd3 12. Qxd3 O-O 13. O-O Rad8 14. Rfd1 e5
15. dxe5 Nxe5 16. Nxe5 Qxe5 17. Qb5 Rd7 18. Qxa5 h6 19. Qb4 Rfd8 20. Rab1 Ne4
21. Nxe4 Qxe4 22. Qxe4 dxe4 23. Rxd7 Rxd7 24. g4 g6 25. Kh2 Kg7 26. Kg3 f5 27.
gxf5 gxf5 28. Rc1 Kg6 29. Rc2 Kg5 30. Rc5 Rd2 31. Rb5 Rd7 32. h4+ Kg6 33. Rb6+
Kh5 34. Rf6 Rd5 35. Kf4 Rb5 36. b4 b6 37. Rd6 1-0

[Event "XXVI Ogolnopolska Olimpiada Mlodziezy"]
[Site "Pulawy"]
[Date "2020.10.09"]
[Round "7.16"]
[White "Nowak, Zuzanna"]
[Black "Grzesik, Nikola"]
[Result "1/2-1/2"]
[WhiteElo "1292"]
[BlackElo "1340"]
[PlyCount "111"]
[EventDate "2020.10.04"]
[EventType "swiss"]
[Tiebreak "Sum of Buchholz+Median1 Buchholz+Sonneborn-Berger (Swiss)"]

1. e4 c5 2. c3 Nc6 3. d4 cxd4 4. cxd4 d5 5. exd5 Qxd5 6. Nc3 Qd8 7. Nf3 e6 8.
Bd3 Nf6 9. O-O Be7 10. Re1 O-O 11. Be3 Nb4 12. Bf1 Bd7 13. a3 Nbd5 14. Nxd5
Nxd5 15. Bd3 Rc8 16. Ne5 Bf6 17. Qh5 g6 18. Qh3 Bg7 19. Bd2 Bxe5 20. dxe5 f6
21. Bh6 Rf7 22. Qg3 Ne7 23. Rad1 Qb6 24. Rd2 Nf5 25. Bxf5 exf5 26. h4 fxe5 27.
Qxe5 Qc7 28. Qe2 a6 29. h5 Bb5 30. Qd1 Rd7 31. hxg6 hxg6 32. Rxd7 Qxd7 33. Qxd7
Bxd7 34. Re7 Bc6 35. Rg7+ Kh8 36. Rxg6 Rg8 37. Rxg8+ Kxg8 38. f3 Kf7 39. Kf2
Kf6 40. Bd2 Bb5 41. Ke3 Bf1 42. g3 Bb5 43. Kf4 Bc6 44. g4 fxg4 45. fxg4 Kg6 46.
Ke5 Bd7 47. g5 Ba4 48. Kd4 Bc6 49. Kc5 Bf3 50. Kb6 Be4 51. a4 Bc6 52. b3 Bd5
53. b4 Bc6 54. Ka5 Kf5 55. Be3 Kg6 56. Bd2 1/2-1/2

[Event "XXVI Ogolnopolska Olimpiada Mlodziezy"]
[Site "Pulawy"]
[Date "2020.10.09"]
[Round "7.17"]
[White "Bury, Milosz"]
[Black "Trzebinski, Patryk"]
[Result "1/2-1/2"]
[WhiteElo "1436"]
[BlackElo "1837"]
[PlyCount "97"]
[EventDate "2020.10.04"]
[EventType "swiss"]
[Tiebreak "Sum of Buchholz+Median1 Buchholz+Sonneborn-Berger (Swiss)"]

1. e4 d5 2. exd5 Nf6 3. d4 Nxd5 4. c4 Nb6 5. Nc3 e5 6. Be3 exd4 7. Qxd4 Qxd4 8.
Bxd4 Nc6 9. O-O-O Be6 10. Bxb6 axb6 11. Nf3 Bc5 12. Nb5 O-O 13. a3 Rac8 14.
Nfd4 Nxd4 15. Nxd4 Rcd8 16. Nxe6 fxe6 17. Rxd8 Rxd8 18. Be2 Bxf2 19. Rd1 Rxd1+
20. Kxd1 Kf7 21. Bf3 c6 22. Ke2 Bg1 23. h3 Ke7 24. Kd3 Kd6 25. b4 Bh2 26. a4
Be5 27. Be4 g6 28. b5 Kc5 29. Bf3 h5 30. Be4 g5 31. Bg6 Kb4 32. Bxh5 Kxa4 33.
bxc6 bxc6 34. Be8 Kb4 35. Bxc6 Kc5 36. Bf3 Bg3 37. Be4 Kd6 38. Bf3 Ke5 39. Be4
Bf2 40. Bf3 Kf4 41. Be4 e5 42. Bf3 Bd4 43. Be4 Kg3 44. Bf3 Kf4 45. Be4 Kg3 46.
Bf3 Kf4 47. Be4 g4 48. hxg4 Kxg4 49. Bf3+ 1/2-1/2

[Event "XXVI Ogolnopolska Olimpiada Mlodziezy"]
[Site "Pulawy"]
[Date "2020.10.09"]
[Round "7.17"]
[White "Para, Aleksandra"]
[Black "Peksa, Zuzanna"]
[Result "1/2-1/2"]
[WhiteElo "1191"]
[BlackElo "1267"]
[PlyCount "64"]
[EventDate "2020.10.04"]
[EventType "swiss"]
[Tiebreak "Sum of Buchholz+Median1 Buchholz+Sonneborn-Berger (Swiss)"]

1. e4 e5 2. Nf3 Nc6 3. Bc4 Bc5 4. c3 Nf6 5. d3 h6 6. O-O O-O 7. Re1 Re8 8. h3
d6 9. Bb3 Be6 10. Bc2 Qd7 11. Be3 Bb6 12. Bxb6 axb6 13. Nbd2 Ne7 14. Bb3 Ng6
15. Bxe6 fxe6 16. Nf1 Rf8 17. Ng3 Qf7 18. Rf1 Nf4 19. a3 Nd7 20. Ne1 Qg6 21.
Qg4 Qxg4 22. hxg4 b5 23. Rd1 c5 24. Nc2 d5 25. f3 Nb6 26. Rfe1 Rfe8 27. Ne3 d4
28. cxd4 exd4 29. Nc2 e5 30. Ne2 g5 31. Nxf4 gxf4 32. Kf2 Kg7 1/2-1/2

[Event "XXVI Ogolnopolska Olimpiada Mlodziezy"]
[Site "Pulawy"]
[Date "2020.10.09"]
[Round "7.17"]
[White "Pietryk, Joanna"]
[Black "Makarec, Anna"]
[Result "1/2-1/2"]
[WhiteElo "1387"]
[BlackElo "1103"]
[PlyCount "94"]
[EventDate "2020.10.04"]
[EventType "swiss"]
[Tiebreak "Sum of Buchholz+Median1 Buchholz+Sonneborn-Berger (Swiss)"]

1. d4 d5 2. c4 e6 3. Nc3 Nf6 4. Bg5 Be7 5. cxd5 exd5 6. e3 O-O 7. Bd3 b6 8. Qc2
h6 9. Bh4 Bb7 10. Nge2 c5 11. O-O c4 12. Bf5 Nc6 13. a3 Nh5 14. Bxe7 Nxe7 15.
Bg4 Nf6 16. Bf3 Rc8 17. Nf4 Re8 18. Nh5 Nxh5 19. Bxh5 g6 20. Bg4 Rc6 21. Qd2
Kh7 22. h4 Ng8 23. h5 Nf6 24. hxg6+ fxg6 25. Bd1 Ne4 26. Nxe4 Rxe4 27. Bc2 Rh4
28. Qe2 Kg7 29. f4 Rh5 30. Bxg6 Kxg6 31. Qg4+ Kh7 32. Qxh5 Rg6 33. Qf5 Bc8 34.
Qh5 Bg4 35. Qh2 Qe7 36. Rae1 Qe4 37. Rf2 Bf5 38. Qh5 a6 39. Kh2 b5 40. Rg1 Qxe3
41. Rgf1 Bd3 42. Rf3 Qxd4 43. Re1 Be4 44. Qh3 Qd2 45. Ree3 Bf5 46. Re7+ Kh8 47.
Re8+ Kh7 1/2-1/2

[Event "XXVI Ogolnopolska Olimpiada Mlodziezy"]
[Site "Pulawy"]
[Date "2020.10.09"]
[Round "7.17"]
[White "Zieba, Hubert"]
[Black "Bartnik, Michal"]
[Result "1/2-1/2"]
[WhiteElo "1424"]
[BlackElo "1278"]
[PlyCount "109"]
[EventDate "2020.10.04"]
[EventType "swiss"]
[Tiebreak "Sum of Buchholz+Median1 Buchholz+Sonneborn-Berger (Swiss)"]

1. c4 e6 2. Nf3 d5 3. b3 c6 4. g3 f5 5. Bg2 Nf6 6. O-O Bd6 7. Bb2 O-O 8. d3
Nbd7 9. Nbd2 Qe7 10. d4 Ne4 11. e3 b6 12. Qe2 Bb7 13. Nxe4 fxe4 14. Nd2 e5 15.
Rac1 Rac8 16. f3 exf3 17. Bxf3 e4 18. Bg4 Rcd8 19. Bxd7 Qxd7 20. Rxf8+ Rxf8 21.
Rf1 Rxf1+ 22. Nxf1 Ba6 23. Qc2 Qf7 24. Nd2 Qe7 25. cxd5 cxd5 26. Nb1 Qf7 27.
Qf2 Qxf2+ 28. Kxf2 Kf7 29. Ba3 Bxa3 30. Nxa3 Bd3 31. h3 b5 32. b4 Ke6 33. Ke1
Kf5 34. Kd2 a6 35. Nc2 Bf1 36. Ke1 Bxh3 37. Na1 Kg5 38. Kf2 h5 39. Nb3 Bc8 40.
Nc1 Bg4 41. Kg2 Bd1 42. Kh3 Kf6 43. a3 g5 44. Na2 Bb3 45. Nc3 Bc4 46. g4 hxg4+
47. Kxg4 Kg6 48. Kg3 Kh5 49. Nd1 Kg6 50. Nc3 Kf5 51. Nd1 g4 52. Nc3 Kg5 53. Nd1
Bf1 54. Nc3 Bc4 55. Nd1 1/2-1/2

[Event "XXVI Ogolnopolska Olimpiada Mlodziezy"]
[Site "Pulawy"]
[Date "2020.10.09"]
[Round "7.18"]
[White "Bancarewicz, Aleks"]
[Black "Jarocki, Gabriel"]
[Result "1-0"]
[WhiteElo "1757"]
[BlackElo "1510"]
[PlyCount "89"]
[EventDate "2020.10.04"]
[EventType "swiss"]
[Tiebreak "Sum of Buchholz+Median1 Buchholz+Sonneborn-Berger (Swiss)"]

1. e4 c6 2. d4 d5 3. Nc3 dxe4 4. Nxe4 Bf5 5. Ng3 Bg6 6. h4 h6 7. Nf3 Nd7 8. h5
Bh7 9. Bd3 Bxd3 10. Qxd3 Ngf6 11. Bd2 e6 12. O-O-O Bd6 13. Ne4 Nxe4 14. Qxe4
Nf6 15. Qe2 Qc7 16. g3 O-O-O 17. c4 Qe7 18. Ba5 Bc7 19. Bc3 Rhe8 20. a3 Kb8 21.
Kb1 Ka8 22. Ne5 Bxe5 23. dxe5 Nd7 24. Rd6 Nb6 25. Bb4 Rxd6 26. exd6 Qg5 27. Rd1
Nd7 28. Bc3 Rg8 29. Qf3 Rf8 30. Ka1 Kb8 31. Qe2 Rg8 32. g4 e5 33. Qe4 Qf4 34.
Qxf4 exf4 35. Re1 Kc8 36. Re4 f6 37. Bd4 c5 38. Bc3 b6 39. Bd2 a5 40. Bxf4 Kb7
41. Re7 Kc6 42. Kb1 Ne5 43. Bxe5 fxe5 44. d7 Kc7 45. Re8 1-0

[Event "XXVI Ogolnopolska Olimpiada Mlodziezy"]
[Site "Pulawy"]
[Date "2020.10.09"]
[Round "7.18"]
[White "Lajdamik, Anna"]
[Black "Pudelko, Magdalena"]
[Result "1/2-1/2"]
[WhiteElo "1292"]
[BlackElo "1382"]
[PlyCount "113"]
[EventDate "2020.10.04"]
[EventType "swiss"]
[Tiebreak "Sum of Buchholz+Median1 Buchholz+Sonneborn-Berger (Swiss)"]

1. e4 c5 2. Nf3 d6 3. d4 cxd4 4. Nxd4 Nf6 5. Nc3 a6 6. Bc4 e6 7. O-O b5 8. Bb3
b4 9. Na4 Nxe4 10. Re1 Nc5 11. Nxc5 dxc5 12. Qf3 Ra7 13. Nf5 g6 14. Ng3 Bg7 15.
Bf4 Bb7 16. Qg4 O-O 17. Rad1 Qc8 18. h4 Qc6 19. f3 Nd7 20. Rd6 Nf6 21. Qh3 Qb5
22. h5 gxh5 23. Nxh5 Nxh5 24. Qxh5 c4 25. Qg4 Kh8 26. Be3 cxb3 27. Bxa7 bxa2
28. Ra1 b3 29. c4 Qa5 30. Bd4 e5 31. Be3 Qc7 32. Bh6 Rg8 33. Rd7 Qb6+ 34. Kf1
Bxh6 35. Qf5 Bg7 36. Qxf7 Bc6 37. Rd6 Qb7 38. Qxb7 Bxb7 39. Rb6 e4 40. Rxb3 Bc6
41. Rxa2 exf3 42. gxf3 Ra8 43. Ra5 Bd4 44. f4 Rf8 45. Rxa6 Rxf4+ 46. Ke2 Be4
47. Rg3 Rf2+ 48. Kd1 Bxb2 49. Re6 Bg6 50. Rexg6 hxg6 51. Rxg6 Ba3 52. Ke1 Rc2
53. Rg4 Kh7 54. Kd1 Rc1+ 55. Ke2 Kh6 56. Kd3 Kh5 57. Rg8 1/2-1/2

[Event "XXVI Ogolnopolska Olimpiada Mlodziezy"]
[Site "Pulawy"]
[Date "2020.10.09"]
[Round "7.18"]
[White "Laszczuk, Marcelina"]
[Black "Natoli, Alessia"]
[Result "0-1"]
[WhiteElo "1104"]
[BlackElo "1363"]
[PlyCount "116"]
[EventDate "2020.10.04"]
[EventType "swiss"]
[Tiebreak "Sum of Buchholz+Median1 Buchholz+Sonneborn-Berger (Swiss)"]

1. e4 c5 2. Nf3 e6 3. c4 Nc6 4. d4 cxd4 5. Nxd4 Nf6 6. Nc3 Bb4 7. Nxc6 bxc6 8.
Bd3 d6 9. O-O h6 10. Bd2 O-O 11. Qf3 e5 12. h3 Qe7 13. a3 Bc5 14. Be3 Bxe3 15.
fxe3 Be6 16. b4 Rfc8 17. Kh1 Nd7 18. Qe2 Nb6 19. Rac1 Nd7 20. Qd2 Nb6 21. Qe2
Rc7 22. Rfd1 a5 23. Rb1 Nd7 24. Qd2 axb4 25. axb4 Nb6 26. Qe2 Rca7 27. b5 c5
28. Nd5 Bxd5 29. exd5 e4 30. Bc2 Ra2 31. Rdc1 R2a3 32. Qe1 Qe5 33. Bb3 Na4 34.
Qd2 Nb6 35. Qe1 g6 36. Qd1 Qg3 37. Qe1 Qxe1+ 38. Rxe1 Kg7 39. Rf1 f5 40. g4 Rf8
41. Kg2 Kf6 42. Rf4 Ke5 43. h4 Rh8 44. Kg3 Nxc4 45. Rf2 Nxe3 46. Ra2 Rxa2 47.
Bxa2 f4+ 48. Kf2 Nxg4+ 49. Ke2 f3+ 50. Ke1 Ne3 51. Rb3 Nc2+ 52. Kd1 Nb4 53. Bb1
Kd4 54. b6 Rf8 55. Ke1 g5 56. hxg5 hxg5 57. Kf1 g4 58. Kf2 g3+ 0-1

[Event "XXVI Ogolnopolska Olimpiada Mlodziezy"]
[Site "Pulawy"]
[Date "2020.10.09"]
[Round "7.18"]
[White "Murawski, Milosz"]
[Black "Rosa, Antoni"]
[Result "1/2-1/2"]
[WhiteElo "1351"]
[BlackElo "1419"]
[PlyCount "71"]
[EventDate "2020.10.04"]
[EventType "swiss"]
[Tiebreak "Sum of Buchholz+Median1 Buchholz+Sonneborn-Berger (Swiss)"]

1. d4 d5 2. Bf4 e6 3. e3 Bd6 4. Bg3 Nf6 5. Nf3 Qe7 6. Bd3 Bxg3 7. hxg3 Qb4+ 8.
Nbd2 Qxb2 9. O-O Nc6 10. Qe2 Qa3 11. e4 dxe4 12. Nxe4 Nxe4 13. Qxe4 f5 14. Qh4
O-O 15. g4 Qe7 16. g5 g6 17. Rfe1 Nb4 18. Ne5 Nxd3 19. Nxd3 a5 20. Re3 Ra6 21.
Rh3 Qg7 22. Re1 Rc6 23. Rc1 Rc4 24. c3 Rc6 25. Ne5 Rb6 26. Nc4 Ra6 27. Ne5 b5
28. Rb1 Bd7 29. Nxd7 Qxd7 30. Rxb5 c6 31. Rb1 Ra7 32. Qf4 Rb7 33. Rb3 a4 34.
Rb4 Rxb4 35. cxb4 Rd8 36. Ra3 1/2-1/2

[Event "XXVI Ogolnopolska Olimpiada Mlodziezy"]
[Site "Pulawy"]
[Date "2020.10.09"]
[Round "7.19"]
[White "Dobosiewicz, Dawid"]
[Black "Wandor, Adam"]
[Result "1-0"]
[WhiteElo "1390"]
[BlackElo "1308"]
[PlyCount "65"]
[EventDate "2020.10.04"]
[EventType "swiss"]
[Tiebreak "Sum of Buchholz+Median1 Buchholz+Sonneborn-Berger (Swiss)"]

1. e4 c5 2. Nc3 Nc6 3. Bb5 g6 4. Bxc6 dxc6 5. f4 Bg7 6. d3 e5 7. fxe5 Bxe5 8.
Nf3 Bg4 9. O-O Qc7 10. h3 Bd4+ 11. Kh1 Bxf3 12. Qxf3 f6 13. Be3 O-O-O 14. Bxd4
cxd4 15. Ne2 Rd6 16. Qf2 c5 17. Rae1 Ra6 18. a3 Qb6 19. Rb1 Ne7 20. b4 Rd8 21.
bxc5 Qxc5 22. Rb4 Kb8 23. Rfb1 Rd7 24. Nxd4 Rad6 25. Rc4 Qxa3 26. Nb5 Qa2 27.
Nc3 Qa3 28. Ra4 Qxc3 29. Qxa7+ Kc8 30. Qa8+ Kc7 31. Rxb7+ Kc6 32. Qa6+ Kc5 33.
Rb5# 1-0